00858nam a2200193 a 4500008004100000020001800041050002300059100002200082245010900104260004800213300003700261650002800298650002400326650003000350650003500380995009300415999001700508952013900525200804s2014 ||||||||||||||||| || u a9781107618985 aQH 541.15 .E25 Per aPerrings, Charles10aOur uncommon heritage : biodiversity change, ecosystem services and human wellbeingcBy Charles Perrings aCambridgebCambridge University Pressc2014 axxxix, 522 pages : illustrations 0aENVIRONMENTAL ECONOMICS aECOSYSTEM--SERVICES aECOLOGY--ECONOMIC ASPECTS 0aBIODIVERSITY--ECONOMIC ASPECTS FCBU-MAIN LIBRARY (Kitwe)M1UAVAILABLEWAug 5, 2020ZMain Library Open Access Collection c52988d52988 00102lcc4070a001b001cMain Library Open Access Collectiond2022-11-30l0oQH 541.15 .E25 Perp750482r2022-11-30w2022-11-30y002